|
|
|
|
| LEADER |
00000nam a2200000 a 4500 |
| 001 |
vtls001296941 |
| 003 |
SK-MaSNL |
| 005 |
20260301113651.0 |
| 008 |
240318s1997 xo ap r yy 0 slo |
| 015 |
|
|
|a SNBA1998/0100120
|
| 020 |
|
|
|a 8088786584
|
| 035 |
|
|
|a SNK000248776
|
| 035 |
|
|
|a urn:nbn:sk:snk-amye4h
|
| 035 |
|
|
|a urn:nbn:sk:snk-am00ceja
|
| 035 |
|
|
|a 7DF09573-C901-42D3-8148-98A104ADA2EC
|
| 040 |
|
|
|a SNK
|b slo
|c SNK
|e AACR2
|
| 041 |
0 |
|
|a slo
|
| 044 |
|
|
|a xo
|c SK
|
| 080 |
|
|
|a 621.317(075.8)
|2 1981
|
| 100 |
1 |
|
|a Mojžiš, Miroslav,
|d 1942-
|4 aut
|9 201300
|
| 245 |
1 |
0 |
|a Elektrické meranie
|c Miroslav Mojžiš, Martin Orendáč
|
| 250 |
|
|
|a 2. nezm. vyd.
|
| 260 |
|
|
|a Košice
|b Elfa
|c 1997
|
| 300 |
|
|
|a 172 s.
|b sch., tab.
|c 30 cm
|
| 500 |
|
|
|a 200 výt.
|
| 504 |
|
|
|a Bibliogr. s. 170
|
| 650 |
0 |
7 |
|a elektrické merania
|2 SNK
|9 3585
|
| 655 |
|
7 |
|a učebnice vysokých škôl
|2 SNK
|9 70191
|
| 700 |
1 |
|
|a Orendáč, Martin,
|d 1943-
|4 aut
|9 221405
|
| 919 |
|
|
|a 80-88786-58-4
|
| 958 |
|
|
|a TL
|
| 958 |
|
|
|a NB
|
| 958 |
|
|
|a UV
|
| 958 |
|
|
|a OND
|
| 999 |
|
|
|c 715193
|d 717123
|
| 952 |
|
|
|t P60, <09>, [BOOK], {629}
|a SNK
|b SNK
|y NEVYP
|7 0
|o snkB 1050
|i snk3831/970805
|0 0
|1 0
|4 0
|d 1997-08-01
|l 0
|r 2005-01-02 00:00:00
|w 2026-02-23
|
| 952 |
|
|
|t P60, <03>, [BOOK], {603}
|a SNK
|b SNK
|y PREZ
|7 0
|p 17A0085480
|o snkSB 57506
|i snkKSP 8402/97
|0 0
|1 0
|4 0
|d 1997-08-01
|f 1
|l 0
|r 2025-04-09 00:00:00
|w 2026-02-23
|
| 952 |
|
|
|t P60, <04>, [BOOK], {604}
|a SNK
|b SNK
|y VYP
|7 0
|p 17A0085479
|o snkSB 57506 D1
|i snkKSP 8403/97
|0 0
|1 0
|4 0
|d 1997-08-01
|l 0
|r 2005-01-02 00:00:00
|w 2026-02-23
|